| 000 | 00652nam a2200265Ia 4500 | ||
|---|---|---|---|
| 003 | OSt | ||
| 005 | 20221006143916.0 | ||
| 006 | a|||||r|||| 00| 0 | ||
| 007 | ta | ||
| 008 | 221006b |||||||| |||| 00| 0 hin d | ||
| 020 | _c8.00 | ||
| 024 | _a10,374 | ||
| 037 | _cTextual | ||
| 040 |
_aEASL _cEASL _bhin |
||
| 041 |
_2hin _ahin |
||
| 082 | _aW.41.N5, J8 | ||
| 100 |
_aPATIL R K _9650615 |
||
| 245 | 0 | _aBharat aadi Chin | |
| 260 |
_aAmarawati _bMaharashtra Prakashan _c1958 |
||
| 300 |
_a268p. _ccm. |
||
| 490 | _v HL | ||
| 650 |
_aCHL _9650616 |
||
| 942 |
_hW.41.N5, J8 _cTEXL _2CC |
||
| 999 |
_c1078460 _d1078460 |
||